000 00548nam a22002057a 4500
003 OSt
005 20140310181732.0
008 130318t xxu||||| |||| 00| 0 eng d
020 _a9810180519
050 _aQA 135
_b.P952 1999
082 _aTRM 510
_bP93 1999
245 _aPrimary mathematics 5A /
260 _aSingapore :
_bTimes Media Private Ltd.,
_cc1999.
300 _a96 p. :
_bcol. ill. ;
_c26 cm.
521 _aFaculty
541 _j1
562 _e1
650 _aMathematics (Primary).
_92222
942 _2lcc
_cBK-TR
_kTRM
999 _c2460
_d2460